Sports Quiz

Random Sports or NFL Quiz

Best players on every NFL team ever Quiz Stats

Quiz not verified by Sporcle

Challenge
Share
Tweet
Embed
Score 0/32 Timer 09:00
1 Play Today
Team Player % Correct
PatriotsTom Brady
85.9%
BrownsJim Brown
75.2%
BroncosJohn Elway
63.7%
49ersJerry Rice
63.4%
ColtsPeyton Manning
62.9%
PanthersSteve Smith
57.7%
BillsBruce Smith
56.4%
SaintsDrew Brees
54.3%
BearsWalter Payton
54%
LionsBarry Sanders
53.3%
GiantsLawrence Taylor
52.7%
DolphinsDan Marino
52.2%
FalconsDeion Sanders
50.7%
RedskinsSean Taylor
49.1%
RavensRay Lewis
48.8%
TexansJ.J Watt
43.3%
Team Player % Correct
CardinalsLarry Fitzgerald
42.6%
JetsJoe Namath
36.8%
VikingsRandy Moss
36.6%
SteelersJoe Greene
36.3%
ChargersLadainian Tomlinson
35.8%
EaglesReggie White
35%
CowboysEmmitt Smith
34.5%
ChiefsDerrick Thomas
32.4%
SeahawksSteve Largent
31.9%
BuccaneersDerrick Brooks
31.6%
RaidersMarcus Allen
28.7%
RamsEric Dickerson
25.6%
JaguarsMaurice Jones-Drew
24.3%
BengalsAnthony Munoz
24.3%
TitansEarl Campbell
17.8%
PackersRay Nitschke
11.5%

You're not logged in!

Compare scores with friends on all Sporcle quizzes.
Sign Up with Email
OR
Log In

You Might Also Like...

Show Comments

Extras

Top Quizzes Today


Score Distribution

Your Account Isn't Verified!

In order to create a playlist on Sporcle, you need to verify the email address you used during registration. Go to your Sporcle Settings to finish the process.